| 000 | 01132cam a2200361 a 4500 | ||
|---|---|---|---|
| 001 | 6318749 | ||
| 003 | ARRUPE | ||
| 005 | 20150310020007.0 | ||
| 008 | 070109r20042003enkacf f b 001 0 eng | ||
| 015 |
_aGBA444797 _2bnb |
||
| 016 | 7 |
_a012936700 _2Uk |
|
| 020 | _a0140285342 (pbk.) | ||
| 020 | _a9780140285345 (pbk.) | ||
| 035 | _a(OCoLC)ocm56652717 | ||
| 035 | _a(OCoLC)56652717 | ||
| 035 | _a(NNC)6318749 | ||
| 040 |
_aUKM _cUKM _dMUQ |
||
| 042 | _aukblsr | ||
| 043 | _ae------ | ||
| 050 | 4 |
_aBR305.3 _b.M323 2004 |
|
| 100 | 1 |
_aMacCulloch, Diarmaid. _92498 |
|
| 245 | 1 | 0 |
_aReformation : _bEurope's house divided, 1490-1700 / _cDiarmaid MacCulloch. |
| 260 |
_aLondon : _bPenguin, _c2004. |
||
| 300 |
_axxvii, 831 p. , [24] p. of plates : _bill. , ports. ; _c20 cm. |
||
| 500 | _aOriginally published: London: Allen Lane, 2003. | ||
| 504 | _aIncludes bibliographical references and index. | ||
| 650 | 0 |
_aReformation _zEurope. _92499 |
|
| 650 | 6 |
_aRéforme (Christianisme) _zEurope. _92500 |
|
| 942 |
_2lcc _cMONOGRAPH _02 |
||
| 948 | 1 |
_a20071210 _bc _cvt2130 _dMPS |
|
| 948 | 2 |
_a20071214 _bn _cmw18 _dMPS |
|
| 999 |
_c118341 _d118341 |
||